Dictionaries of idioms and phrases

Bibliographic Details
Other Authors: Philip, N. C. (Editor)
Format: Book
Language:English
Published: Kuala Lumpur : Crescent News (KL) Sdn Bhd 1994
Subjects:

MARC

LEADER 00000cam a2200000 7i4500
001 0000003652
005 20240912.0
008 991206 my eng
020 |a 9839569805 (pbk) 
040 |a INS   |b eng   |e rda 
090 0 0 |a RPE1464   |b .D53 1994 
245 0 0 |a Dictionaries of idioms and phrases   |c arranged and compiled by N.C. Philip 
264 1 |a Kuala Lumpur :   |b Crescent News (KL) Sdn Bhd   |c 1994 
300 |a 238 pages ;   |c 21 cm. 
336 |a text  |2 rdacontent 
337 |a unmediated  |2 rdamedia 
338 |a volume  |2 rdacarrier 
650 0 |a English language   |x Idioms, correction, errors 
700 1 |a Philip, N. C. ,   |e editor 
999 |a 0000006140   |b BOOK   |c Red Spot   |e Default branch